| 000 | 00904nam a2200265 a 4500 | ||
|---|---|---|---|
| 008 | |||
| 020 | _a0471348864 (cased) | ||
| 049 | _aMAIN | ||
| 090 |
_aQD262 _bORG |
||
| 100 | 1 | _aJohnson, John R. | |
| 245 | 1 | 0 |
_aOrganic syntheses : _ban annual publication of satisfactory methods for the preparation of organic chemicals. _nvol. 76 / _cEditor-in-Chief: Stephen F. Martin... [et al.] |
| 260 |
_aNew York : _b Wiley, _cc1999. |
||
| 300 |
_axxviii, 340 p. ; _c24 cm. |
||
| 440 | 0 |
_aOrganic synthesis ; _v76. |
|
| 504 | _aIncludes bibliographical references. | ||
| 500 | _aIncludes index. | ||
| 650 | 0 |
_aOrganic compounds _xSynthesis. |
|
| 650 | 0 |
_aOrganic compounds _xSynthesis _vPeriodicals. |
|
| 700 | 1 | _aAdams, Roger. | |
| 907 |
_a.b10128268 _b16-04-12 _c21-06-04 |
||
| 003 | |||
| 005 | 20230123133743.0 | ||
| 040 | _cNUST | ||
| 942 |
_cBOOKS _kQD262 _mORG |
||
| 999 |
_c154064 _d154064 |
||